000 00282nam a22001337a 4500
008 170401b xxu||||| |||| 00| 0 eng d
020 _a9781565108721
041 _aeng
080 _a574
100 _a9
101 _aSHM
245 _aTHE ENVIRONMENT
_cBARBOUR, S
942 _2udc
_cBK
999 _c9425
_d9425